Nuclear power and nuclear weapons quiz - Statistics

General Stats
  • This quiz has been taken 123 times
  • The average score is 9 of 17
Answer Stats
Hint Answer % Correct
Name of nuclear bomb dropped on Hiroshima Little Boy
83%
Soviet nuclear disaster in 1986 Chernobyl
81%
Name of nuclear bomb dropped on Nagasaki Fat Man
78%
US state where world's first nuclear bomb was tested New Mexico
76%
US state where most nuclear bombs have been tested Nevada
73%
Most common nuclear reactor fuels Uranium
73%
Man who invented nuclear bombs J. Robert Oppenheimer
69%
Japanese nuclear disaster after a tsunami in 2011 Fukushima
60%
Name of the largest hydrogen bomb ever tested Tsar Bomba
56%
Plutonium
55%
Pennsylvania nuclear reactor that nearly went to meltdown in 1979 Three Mile Island
44%
Abandoned city where the reactor is Pripyat
43%
Country where the first hydrogen bomb was tested Marshall Islands
24%
Name of India's first nuclear bomb test Smiling Buddha
19%
US state with most nuclear reactors Illinois
16%
Many nuclear reactors have been forced to shut down thanks to swarms of these animals Jellyfish
10%
The largest currently operating nuclear power station in the world Bruce Nuclear Generating Station
7%
No matching quizzes found
Score Distribution
Percent of People with Each Score
Percentile by Number Answered
Your Score History
You have not taken this quiz